000
00318nam a2200133Ia 4500
005
20251222155144.0
008
251222s9999||||xx |||||||||||||| ||spa||
082
_a
ETI. 06
100
_a
BASSO, Domingo
245
0
_a
Nacer y Morir con Dignidad
250
_a
1ra. ed.
264
_b
Consorcio de mñedic.
942
_c
LIB
999
_c
39316
_d
39316